Katalóg 2 : Montovaný skelet revidovaný, "Priemstav" typový podklad konštrukčnej sústavy katalóg 2 obvodové opláštenia

Enregistré dans:
Détails bibliographiques
Format: Livre
Langue:slovaque
tchèque
Publié: Nitra : Ministerstvo stavebníctva, 1977
Tags: Ajouter un tag
Pas de tags, Soyez le premier à ajouter un tag!

MARC

LEADER 00000nam a22000003a 4500
001 stu231574
005 20150408182909.0
008 110715s1977----cs------------------slo-d
040 |a STU  |b slo 
041 0 |a slo  |a cze 
044 |a cs 
245 |a Katalóg 2 :  |b Montovaný skelet revidovaný, "Priemstav" typový podklad konštrukčnej sústavy katalóg 2 obvodové opláštenia 
260 |a Nitra :  |b Ministerstvo stavebníctva,  |c 1977 
300 |a 451 s 
996 |b 284V034448  |c V*9059/S-81  |l VVT  |s A  |a 24  |w stu231574_0001